• 首页
  • 本馆介绍
  • 公告通知
  • 最新文献
  • 馆藏检索
  • 电子资源
  • 读者导购
  • 参考咨询
  • 我的图书馆
  • 登录
  • 详细信息显示
  • 放入我的书架
  • 预约/预借图书
  • 作者相关作品
  • 分类相关作品
  • 丛书相关作品
  • 出版社相关作品

书目信息

  • 表格格式
  • 工作单格式
  • 卡片格式
题名:
大学体育俱乐部实践指导教程
    
 
作者: 黄伟明 总主编 ;万鹏 主编
分册:  
出版信息: 北京   北京体育大学出版社  2018重印
页数: 262页
开本: 26cm
丛书名:
单 册:
中图分类: G819.6
科图分类:
主题词: 体育组织--俱乐部--高等学校--教材
电子资源:
ISBN: 978-7-5644-2713-9
000 00964nam0 2200253 45
001 012001003391
005 20140113091218.0
010    @a978-7-5644-2713-9@dCNY28.00
100    @a20190109d2017 em y0chiy50 ea
101 0  @achi
102    @aCN@b110000
105    @aa z 000yy
106    @ar
200 1  @a大学体育俱乐部实践指导教程@Ada xue ti yu ju le bu shi jian zhi dao jiao cheng@f黄伟明总主编@g万鹏主编
210    @a北京@c北京体育大学出版社@d2018重印
215    @a262页@c图@d26cm
300    @a普通高等学校“互联网+”立体化示范教材
330    @a本书共分为9个模块,分别为田径俱乐部指导、大球俱乐部指导、小球俱乐部指导、健身健美俱乐部指导、户外运动俱乐部指导、武术俱乐部指导、武道俱乐部指导、民族传统体育俱乐部指南和体操俱乐部指导。
606 0  @a体育组织@x俱乐部@x高等学校@j教材
690    @aG819.6@v5
701  0 @a黄伟明@Ahuang wei ming@4总主编
702  0 @a万鹏@Awan peng@4主编
801    @b江苏凤凰@c20191020
905    @b1235933-8@dG819.6@e37@f6
    
    大学体育俱乐部实践指导教程/黄伟明总主编/万鹏主编.-北京:北京体育大学出版社,2018重印
    262页:图;26cm
    普通高等学校“互联网+”立体化示范教材
    
    ISBN 978-7-5644-2713-9:CNY28.00
    本书共分为9个模块,分别为田径俱乐部指导、大球俱乐部指导、小球俱乐部指导、健身健美俱乐部指导、户外运动俱乐部指导、武术俱乐部指导、武道俱乐部指导、民族传统体育俱乐部指南和体操俱乐部指导。
●
相关链接 在E读中查询图书 在五车中查询图书 在当当中查询图书 在豆瓣中查询图书


正题名:大学体育俱乐部实践指导教程     索取号:G819.6/37         预约/预借

序号 登录号 条形码 馆藏地/架位号 状态 备注
1 1235933   212359339   第一样本阅览室/ [索取号:G819.6/37] 在馆    
2 1235934   212359348   教育系资料室/ [索取号:G819.6/37] 在馆    
3 1235935   212359357   教育系资料室/ [索取号:G819.6/37] 在馆    
4 1235936   212359366   教育系资料室/ [索取号:G819.6/37] 在馆    
5 1235937   212359375   第四借阅区/ [索取号:G819.6/37] 在馆    
6 1235938   212359384   第四借阅区/ [索取号:G819.6/37] 在馆    
唐山师范学院图书馆 欢迎您!
大连网信软件有限公司© 版权所有